000 00685nam a2200205Ia 4500
005 20260121110022.0
008 008 260114s9999 xx 000 0 hin d
020 _a9788132359555
037 _aEBOOK
040 _aCRL
_bhin
_cCRL
041 _ahin
_2hin
084 _qCRL
100 _aवीर सिंह / Veer Singh
_9941053
245 0 _aजंतु एवं पादप में जनन प्रक्रिया / Jantu aur Paadap mein Janan Prakriya
260 _bभाषा प्रकाशन / Bhasha Prakashan
_c2021
856 _uhttps://bhashaprakashan.com/product-details/382545
942 _cEBOOK
999 _c1532718
_d1532718